Statistiques concernant Capitales commençant par H

Cliquez ici pour prendre le quiz!

Statistiques générales

  • Ce quiz a été pris 162 fois
  • Le résultat moyen est 3 sur 5

Statistiques - réponses

Capitales% Correct
Helsinki
79%
Hanoï
77%
Harare
62%
La Havane
50%
Honiara
48%

Distribution des résultats

Percentile par nombre de réponses

% des personnes avec chaque résultat

Votre développement - résultats

Vous n’avez pas pris ce quiz